000 00340nam a2200109 4500
999 _c507224
_d507224
082 _aZ472x54 W/1989-90
100 _aIndia. Directorate of Economics and Statistics
_91134
245 _aAgricultural wages in India:
_b1989-90
_cby Ministry of Agriculture
260 _aDelhi
_bController of Publications
_c1991
300 _a212p.
942 _2ddc